| 000 | 01335nam a22002657a 4500 | ||
|---|---|---|---|
| 005 | 20250213152220.0 | ||
| 008 | 240506s1932 fr ||||fr|||| 00| 0bfre d | ||
| 040 |
_cSandra Yazo _dSandra Yazo |
||
| 041 | 0 | _afre | |
| 082 | 0 | 4 |
_220 _a843 |
| 092 | _aE54N040 | ||
| 100 | 1 |
_aMaurois, André, _d1885-1967 _934693 |
|
| 242 | 0 | 3 |
_aEl círculo familiar _cAndrés Maurois _yspa |
| 245 | 1 | 3 |
_aLe cercle de famille _cpar André Maurois |
| 260 |
_aParís (Francia) _bÉditions Bernard Grasset ; Imprimerie F. Paillart [Ediciones Bernard Grasset ; Imprenta de F. Paillart] _c1932 |
||
| 300 |
_a339, [1] páginas _c18 x 12 cm |
||
| 500 | _aDetalles físicos: Sin encuadernación original, actualmente encuadernación rígida (holandesa) cartón forrado en papel texturizado (negro). Lomo en tela, con letras y líneas decorativas en dorado. Guardas. Hoja de cortesía. Anteportada. Portada impresa en una sola tinta. Texto impreso en una columna, con diferentes tipos y tamaños de letra. Cortes decorados con jaspeados de color rojo. Papel con oxidación de tintas en bordes. | ||
| 505 | 0 | _aParte I - III | |
| 506 | _aConsulta en sala | ||
| 546 | _aTexto en francés | ||
| 650 | 7 |
_920506 _aNovela francesa |
|
| 650 | 7 |
_97794 _aLiteratura francesa |
|
| 690 |
_aLiteratura europea _926524 |
||
| 942 |
_2LOCAL _cLIBRO _e1 _hE54N040 |
||
| 999 |
_c325178 _d325178 |
||